Văn học Việt Nam trong thời đại mới (Từ sau Cách mạng tháng Tám 1945) /

Na minha lista:
Detalhes bibliográficos
Autor principal: Nguyễn Văn Long
Formato: Sách giấy
Idioma:Vietnamese
Publicado em: H.: Giáo dục, 2003
Assuntos:
Tags: Adicionar Tag
Sem tags, seja o primeiro a adicionar uma tag!
Thư viện lưu trữ: Thư viện Trường Đại học Đà Lạt
LEADER 00767nam a2200301 4500
001 DLU040025823
005 ##20040103
040 # # |a DLU  |b vie 
041 # # |a vie 
044 # # |a vn 
082 # # |a 895.922  |b NG-L 
100 # # |a Nguyễn Văn Long 
245 # # |a Văn học Việt Nam trong thời đại mới (Từ sau Cách mạng tháng Tám 1945) /  |c Nguyễn Văn Long 
260 # # |a H.:  |b Giáo dục,  |c 2003 
300 # # |a 427 tr. ;  |c 21 cm 
653 # # |a Nghiên cứu văn học 
653 # # |a Tiếp cận văn học 
653 # # |a Tiểu luận 
992 # # |a 26300 
994 # # |a DLU 
900 # # |a True 
911 # # |a Nguyễn Thị Tố Hạnh 
925 # # |a G 
926 # # |a A 
927 # # |a SH 
980 # # |a Thư viện Trường Đại học Đà Lạt